Ana y Nino leen : método grafónico

Gespeichert in:
Bibliographische Detailangaben
1. Verfasser: Fernández Magaz, Manuel .
Format: Buch
Sprache:Spanisch
Erschienen: Zaragoza : Guinea Ecuatorial : Luis Vives ; Ministerio de Eduación y Deportes, D.L. 1989
Katalog:MANES:  Suchergebnis im Bibliothekskatalog
Schulbuchspezifische Eigenschaften:
Tags: Tag hinzufügen
Keine Tags, Fügen Sie den ersten Tag hinzu!
Hinzugefügt zu:09.02.2019
Geändert in:07.05.2025

MARC

LEADER 00000cam a2200000 i 4500
005 20250507134608.0
008 190210s1989 espa fp 000 0 spa d
020 |a 8426315275 
040 |a uned  |b spa  |c entro-manes 
100 1 |a Fernández Magaz, Manuel .  |9 107 
245 1 0 |a Ana y Nino leen :   |b método grafónico /   |c Manuel Fernández Magaz ; asesoramiento, Mª del Carmen Espinosa Roji ; ilustra, Paulino Elá 
260 |a Zaragoza :   |b Luis Vives ;   |a Guinea Ecuatorial :   |b Ministerio de Eduación y Deportes,   |c D.L. 1989 
300 |a 87 p. :   |b il. 
546 |a EspañaEscritura y Lectura 
561 |5 es-BUNED  |3 L.T.M. 1670  |a España. Fondo Manes UNED  |k MANES 
690 0 |a EyL 
942 |2 ddc  |c BK 
999 |c 98147  |d 98147 
999 |c manes:98147  |d 98147